Artificial Neural Networks (Record no. 11113)

MARC details
000 -LEADER
fixed length control field 00382nam a22001697a 4500
003 - CONTROL NUMBER IDENTIFIER
control field OSt
008 - FIXED-LENGTH DATA ELEMENTS--GENERAL INFORMATION
fixed length control field 220409b ||||| |||| 00| 0 eng d
020 ## - INTERNATIONAL STANDARD BOOK NUMBER
International Standard Book Number 9788120312531
082 ## - DEWEY DECIMAL CLASSIFICATION NUMBER
Classification number 006.32 YEA
100 ## - MAIN ENTRY--PERSONAL NAME
Personal name YEGNANARAYANA
245 ## - TITLE STATEMENT
Title Artificial Neural Networks
250 ## - EDITION STATEMENT
Edition statement 21th Ed
260 ## - PUBLICATION, DISTRIBUTION, ETC. (IMPRINT)
Place of publication, distribution, etc New Delhi
Name of publisher, distributor, etc PHI
Date of publication, distribution, etc 2019
300 ## - PHYSICAL DESCRIPTION
Extent 461
650 ## - SUBJECT ADDED ENTRY--TOPICAL TERM
Topical term or geographic name as entry element ECE
942 ## - ADDED ENTRY ELEMENTS (KOHA)
Source of classification or shelving scheme Dewey Decimal Classification
Koha item type Text Books
942 ## - ADDED ENTRY ELEMENTS (KOHA)
-- 2
Holdings
Withdrawn status Lost status Source of classification or shelving scheme Damaged status Not for loan Collection code Home library Current library Date acquired Source of acquisition Currency Cost, normal purchase price Bill Number Total Checkouts Full call number Acc. no. / Barcode Date last seen Actual Cost, discounted price Bill Date Koha item type Date last borrowed Public note
    Dewey Decimal Classification     B.Tech(ECE) PIET C-LIBRARY PIET C-LIBRARY 01/04/2022 Kirti Praskshan IN Rupees 395.00 IN1   006.32 YEA 33514 09/04/2022 268.60 01/04/2022 Text Books    
    Dewey Decimal Classification     B.Tech(ECE) PIET C-LIBRARY PIET C-LIBRARY 01/04/2022 Kirti Praskshan IN Rupees 395.00 IN1 2 006.32 YEA 33515 30/06/2022 268.60 01/04/2022 Text Books 30/06/2022  
    Dewey Decimal Classification     B.Tech(ECE) PIET C-LIBRARY PIET C-LIBRARY 01/04/2022 Kirti Praskshan IN Rupees 395.00 IN1   006.32 YEA 33516 09/04/2022 268.60 01/04/2022 Text Books    
    Dewey Decimal Classification     B.Tech(ECE) PIET C-LIBRARY PIET C-LIBRARY 01/04/2022 Kirti Praskshan IN Rupees 395.00 IN1   006.32 YEA 33517 09/04/2022 268.60 01/04/2022 Text Books    
    Dewey Decimal Classification     B.Tech(ECE) PIET C-LIBRARY PIET C-LIBRARY 01/04/2022 Kirti Praskshan IN Rupees 395.00 IN1   006.32 YEA 33518 09/04/2022 268.60 01/04/2022 Text Books    
    Dewey Decimal Classification     B.Tech(ECE) PIET C-LIBRARY PIET C-LIBRARY 10/11/2024 Notion Press Media INR 895.00 NP2899-2024   006.32 YEA 38627 29/01/2025 716.00 10/11/2024 Text Books   Decentralization

Design & Developed by: PIET Central Library
R70 Miles Stone Pattikalyana Samalkha Panipat 132102
mail ID :- [email protected], Phone No:- 0180-2569700 Ex.216